MARC details
| 000 -LEADER |
| campo de control de longitud fija |
02143cam a2200433 i 4500 |
| 001 - NÚMERO DE CONTROL |
| campo de control |
21711867 |
| 003 - IDENTIFICADOR DE NÚMERO DE CONTROL |
| campo de control |
BJBSDDR |
| 005 - FECHA Y HORA DE LA ÚLTIMA TRANSACCIÓN |
| campo de control |
20240409121721.0 |
| 007 - CAMPO FIJO DE DESCRIPCIÓN FÍSICA--INFORMACIÓN GENERAL |
| campo de control de longitud fija |
ta |
| 008 - DATOS DE LONGITUD FIJA--INFORMACIÓN GENERAL |
| campo de control de longitud fija |
180124s2022 nyu b 001 0 eng |
| 010 ## - NÚMERO DE CONTROL DE LA BIBLIOTECA DEL CONGRESO |
| Número de control de LC |
2020039762 |
| 020 ## - NÚMERO INTERNACIONAL ESTÁNDAR DEL LIBRO |
| Número Internacional Estándar del Libro |
9780593182734 |
| 020 ## - NÚMERO INTERNACIONAL ESTÁNDAR DEL LIBRO |
| Número Internacional Estándar del Libro |
0593182731 |
| 040 ## - FUENTE DE CATALOGACIÓN |
| Centro catalogador/agencia de origen |
DLC |
| Lengua de catalogación |
eng |
| Normas de descripción |
rda |
| Centro/agencia transcriptor |
BJBSDDR |
| Centro/agencia modificador |
DLC |
| 041 ## - CÓDIGO DE IDIOMA |
| Código de lengua del texto/banda sonora o título independiente |
eng |
| 042 ## - CÓDIGO DE AUTENTICACIÓN |
| Código de autenticación |
pcc |
| 050 14 - SIGNATURA TOPOGRÁFICA DE LA BIBLIOTECA DEL CONGRESO |
| Número de clasificación |
QH 311 |
| Número de ítem |
Z72l 2022 |
| 082 00 - NÚMERO DE LA CLASIFICACIÓN DECIMAL DEWEY |
| Número de clasificación |
570 |
| 100 1# - ENTRADA PRINCIPAL--NOMBRE DE PERSONA |
| Nombre de persona |
Zimmer, Carl, |
| Fechas asociadas al nombre |
1966- |
| 9 (RLIN) |
21010 |
| 245 10 - MENCIÓN DEL TÍTULO |
| Título |
Life's edge : |
| Resto del título |
the search for what it means to be alive / |
| Mención de responsabilidad, etc. |
Carl Zimmer. |
| 260 ## - PUBLICACIÓN, DISTRIBUCIÓN, ETC. |
| Lugar de publicación, distribución, etc. |
New York : |
| Nombre del editor, distribuidor, etc. |
Dutton, an imprint of Penguin Random House LLC, |
| Fecha de publicación, distribución, etc. |
2022. |
| 300 ## - DESCRIPCIÓN FÍSICA |
| Extensión |
xx, 348 pages ; |
| Dimensiones |
24 cm. |
| 336 ## - TIPO DE CONTENIDO |
| Término de tipo de contenido |
text |
| Código de tipo de contenido |
txt |
| Fuente |
rdacontent |
| 337 ## - TIPO DE MEDIO |
| Nombre/término del tipo de medio |
unmediated |
| Código del tipo de medio |
n |
| Fuente |
rdamedia |
| 338 ## - TIPO DE SOPORTE |
| Nombre/término del tipo de soporte |
volume |
| Código del tipo de soporte |
nc |
| Fuente |
rdacarrier |
| 504 ## - NOTA DE BIBLIOGRAFÍA, ETC. |
| Nota de bibliografía, etc. |
Includes bibliographical references and index. |
| 505 0# - NOTA DE CONTENIDO CON FORMATO |
| Nota de contenido con formato |
Introduction: The borderland<br/>The quickening, The way the spirit comes to the bones ; Death is resisted<br/>The hallmarks. Dinner ; Decisive matter ; Preserving constant the conditions of life ; Copy/Paste ; Darwin's lung<br/>A series of dark questions. This astonishing multiplication ; Irritations ; The sect ; This mud was actually alive ; A play of water ; Scripts<br/>Return to the borderland. Half life ; Data needed for a blueprint ; No obvious bushes ; Four blue droplets |
| 520 ## - RESUMEN, ETC. |
| Sumario, etc. |
"We all assume we know what life is, but the more scientists learn about the living world-from protocells to brains, from zygotes to pandemic viruses-the harder they find it is to locate life's edge"-- |
| Fuente proveedora |
Provided by publisher. |
| 650 #0 - PUNTO DE ACCESO ADICIONAL DE MATERIA--TÉRMINO DE MATERIA |
| Término de materia o nombre geográfico como elemento de entrada |
Life sciences. |
| 650 #4 - PUNTO DE ACCESO ADICIONAL DE MATERIA--TÉRMINO DE MATERIA |
| Término de materia o nombre geográfico como elemento de entrada |
Ciencias de la vida |
| 9 (RLIN) |
35129 |
| 650 #0 - PUNTO DE ACCESO ADICIONAL DE MATERIA--TÉRMINO DE MATERIA |
| Término de materia o nombre geográfico como elemento de entrada |
Life (Biology) |
| 650 #4 - PUNTO DE ACCESO ADICIONAL DE MATERIA--TÉRMINO DE MATERIA |
| Término de materia o nombre geográfico como elemento de entrada |
Vida (Biología) |
| 9 (RLIN) |
35130 |
| 650 #4 - PUNTO DE ACCESO ADICIONAL DE MATERIA--TÉRMINO DE MATERIA |
| Término de materia o nombre geográfico como elemento de entrada |
Biología |
| 9 (RLIN) |
6122 |
| 776 08 - ENTRADA DE FORMULARIO FÍSICO ADICIONAL |
| Información de relación |
Online version: |
| Encabezamiento principal |
Zimmer, Carl, |
| Título |
Life's edge |
| Lugar, editor y fecha de publicación |
New York : Dutton, Penguin Random House, 2021. |
| Número Internacional Estándar del Libro |
9780593182727 |
| Número de control del registro |
(DLC) 2020039763 |
| 906 ## - ELEMENTOS DE DATOS F LOCAL, LDF (RLIN) |
| a |
7 |
| b |
cbc |
| c |
orignew |
| d |
1 |
| e |
ecip |
| f |
20 |
| g |
y-gencatlg |
| 942 ## - ELEMENTOS DE ENTRADA SECUNDARIOS (KOHA) |
| Fuente del sistema de clasificación o colocación |
Clasificación de Library of Congress |
| Tipo de ítem Koha |
Libro |
| 946 ## - PROCESAMIENTO DE INFORMACIÓN LOCAL (OCLC) |
| Iniciales del agente catalogador |
rmza |